| 000 | 01037cam a2200325 a 4500 | ||
|---|---|---|---|
| 001 | 113912 | ||
| 005 | 20230410120715.0 | ||
| 008 | 120910s2013 mau b 000 0 eng | ||
| 035 | _a17457192 | ||
| 010 | _a 2012034457 | ||
| 020 | _a9780807044698 (hardcover : alk. paper) | ||
| 020 | _a9780807044704 (electronic) | ||
| 040 |
_aDLC _cDLC _dDLC |
||
| 042 | _apcc | ||
| 050 | 1 | 4 |
_aHQ 799.5 _bB972f 2013 |
| 082 | 0 | 0 | _a305.2 |
| 100 | 1 |
_aBurstein, David D., _d1988- |
|
| 245 | 1 | 0 |
_aFast future : _bhow the millennial generation is shaping our world / _cDavid D. Burstein. |
| 260 |
_aBoston : _bBeacon Press, _c2013. |
||
| 300 |
_axxii, 206 p. ; _c24 cm. |
||
| 504 | _aIncludes bibliographical references (p. 191-206). | ||
| 650 | 4 | _aPrimera Jornada de Catalogacion. | |
| 650 | 4 | _aTecnologĂa y juventud. | |
| 650 | 0 | _aGeneration Y. | |
| 650 | 0 |
_aGeneration Y _xSocial conditions. |
|
| 650 | 0 |
_aGeneration Y _xPolitical activity. |
|
| 650 | 0 | _aTechnology and youth. | |
| 650 | 0 |
_aGeneration Y _xAttitudes. |
|
| 942 |
_2lcc _cbk |
||
| 999 |
_c50272 _d50272 |
||